| 000 | 00521nam a22001937a 4500 | ||
|---|---|---|---|
| 999 |
_c525434 _d525434 |
||
| 003 | NUST | ||
| 005 | 20190702062042.0 | ||
| 008 | 190702b ||||| |||| 00| 0 eng d | ||
| 038 | _aWaseem | ||
| 082 |
_a297.11 _bYAH |
||
| 100 |
_aYahya, Haroon _916302 |
||
| 245 |
_aTakhliq -e-Kainat / _cHaroon Yahya |
||
| 260 |
_aLahore : _bTahir sons publisher, _cS.L |
||
| 300 | _a128 P. ; | ||
| 500 | _aPaperback. | ||
| 880 |
_6100-01\r _aہارون یحیی |
||
| 880 |
_6245-02\r _aتخلیق کاںنات / |
||
| 942 |
_2ddc _cBK |
||